Online Catalogue and eLibrary

Feminist research practice : (Record no. 137)

MARC details
000 -LEADER
fixed length control field 01057cam a2200277 a 4500
001 - CONTROL NUMBER
control field 14398640
005 - DATE AND TIME OF LATEST TRANSACTION
control field 20231204231158.0
008 - FIXED-LENGTH DATA ELEMENTS--GENERAL INFORMATION
fixed length control field 060602s2007 cau b 001 0 eng
020 ## - INTERNATIONAL STANDARD BOOK NUMBER
ISBN 076192891X (cloth : acidfree paper)
020 ## - INTERNATIONAL STANDARD BOOK NUMBER
ISBN 9780761928911 (cloth : acidfree paper)
020 ## - INTERNATIONAL STANDARD BOOK NUMBER
ISBN 0761928928 (pbk. : acidfree paper)
020 ## - INTERNATIONAL STANDARD BOOK NUMBER
ISBN 9780761928928 (pbk. : acidfree paper)
040 ## - CATALOGING SOURCE (பட்டியலாக்க மூலம்)
Original cataloging agency DLC
Transcribing agency DLC
Modifying agency BAKER
-- BTCTA
-- UKM
-- C#P
-- YDXCP
-- LMR
-- DLC
082 00 - DDC Classification
Class No. 305.4.
DDC Edition Number 22
Item Number - Author Mark SHA.
100 1# - MAIN ENTRY--PERSONAL NAME
Personal name Hesse-Biber, Sharlene Nagy.
245 10 - TITLE STATEMENT
Title Feminist research practice :
Remainder of title a primer /
Statement of responsibility, etc. Sharlene Nagy Hesse-Biber, Patricia Lina Leavy
260 ## - PUBLICATION, DISTRIBUTION, ETC.
Place of publication, distribution, etc. Thousand Oaks :
Name of publisher, distributor, etc. SAGE Publications,
Date of publication, distribution, etc. 2007.
300 ## - PHYSICAL DESCRIPTION
Extent (e.g. Volumes, Pages etc.) xix, 371 p. ;
650 #0 - SUBJECT ADDED ENTRY--TOPICAL TERM
Topical term or geographic name entry element Women's studies.
650 #0 - SUBJECT ADDED ENTRY--TOPICAL TERM
Topical term or geographic name entry element Feminism
700 1# - ADDED ENTRY--PERSONAL NAME
Personal name Leavy, Patricia,
Relator term (Role) Editor
856 41 - ELECTRONIC LOCATION AND ACCESS
Uniform Resource Identifier <a href="http://www.loc.gov/catdir/enhancements/fy0661/2006018378-t.html">http://www.loc.gov/catdir/enhancements/fy0661/2006018378-t.html</a>
856 42 - ELECTRONIC LOCATION AND ACCESS
Uniform Resource Identifier <a href="http://www.loc.gov/catdir/enhancements/fy0712/2006018378-d.html">http://www.loc.gov/catdir/enhancements/fy0712/2006018378-d.html</a>
856 42 - ELECTRONIC LOCATION AND ACCESS
Uniform Resource Identifier <a href="http://www.loc.gov/catdir/enhancements/fy0734/2006018378-b.html">http://www.loc.gov/catdir/enhancements/fy0734/2006018378-b.html</a>
942 ## - Koha item type (Biblio)
Koha item type Books in Stacks (Lending)
Holdings
Lost status Damaged status Collection code Home library Current library Date acquired Full call number Accession Number Item type
    Lending WERC Library WERC Library 12/05/2023 305.4. SHA. 6444 Books in Stacks (Lending)

© WERC Library